Short Textbook of Psychiatry for Undergraduate Students/ (Record no. 3585)
[ view plain ]
| 000 -LEADER | |
|---|---|
| fixed length control field | 00453nam a22001577a 4500 |
| 005 - DATE AND TIME OF LATEST TRANSACTION | |
| control field | 20250207180503.0 |
| 008 - FIXED-LENGTH DATA ELEMENTS--GENERAL INFORMATION | |
| fixed length control field | 250207b |||||||| |||| 00| 0 eng d |
| 020 ## - INTERNATIONAL STANDARD BOOK NUMBER | |
| International Standard Book Number | 8188867845 |
| 050 ## - LIBRARY OF CONGRESS CALL NUMBER | |
| Classification number | RC457 |
| Item number | .B43 |
| 100 ## - MAIN ENTRY--PERSONAL NAME | |
| Personal name | Batra, Lalit |
| 245 ## - TITLE STATEMENT | |
| Title | Short Textbook of Psychiatry for Undergraduate Students/ |
| Statement of responsibility, etc. | Lalit Batra |
| 260 ## - PUBLICATION, DISTRIBUTION, ETC. | |
| Place of publication, distribution, etc. | Delhi |
| Name of publisher, distributor, etc. | Peepee Publishers & Distributors |
| Date of publication, distribution, etc. | 2006 |
| 300 ## - PHYSICAL DESCRIPTION | |
| Extent | 259p. |
| Dimensions | 24cm |
| 500 ## - GENERAL NOTE | |
| General note | includes index |
| 942 ## - ADDED ENTRY ELEMENTS (KOHA) | |
| Source of classification or shelving scheme | Library of Congress Classification |
| Koha item type | Books |
| Suppress in OPAC | No |
| 999 ## - | |
| -- | 3585 |
| -- | 3585 |
| Withdrawn status | Lost status | Source of classification or shelving scheme | Damaged status | Not for loan | Collection | Home library | Current library | Shelving location | Date acquired | Total checkouts | Full call number | Barcode | Date last seen | Copy number | Price effective from | Koha item type |
|---|---|---|---|---|---|---|---|---|---|---|---|---|---|---|---|---|
| Library of Congress Classification | Non-fiction | Science Library (Miotso) | Science Library (Miotso) | General stacks | 02/07/2025 | RC457 .B43 BAT | SLM00003026 | 02/07/2025 | 1 | 02/07/2025 | Books | |||||
| Library of Congress Classification | Non-fiction | Science Library (Miotso) | Science Library (Miotso) | General stacks | 02/07/2025 | RC457 .B43 BAT | SLM00003027 | 02/07/2025 | 2 | 02/07/2025 | Books | |||||
| Library of Congress Classification | Non-fiction | Science Library (Miotso) | Science Library (Miotso) | General stacks | 02/07/2025 | RC457 .B43 BAT | SLM00003028 | 02/07/2025 | 3 | 02/07/2025 | Books | |||||
| Library of Congress Classification | Non-fiction | Science Library (Miotso) | Science Library (Miotso) | General stacks | 02/07/2025 | RC457 .B43 BAT | SLM00003029 | 02/07/2025 | 4 | 02/07/2025 | Books |